=LDR 00000nam 2200000 4500 =001 INLIS000000000809709 =008 ###################################ind## =035 ##$$a 0010-0825000202 =245 ##$$a Elang Jawa / $c Anang Saepuloh =260 ##$$b CV. Sarana Penunjang Pendidikan =020 ##$$a 9789791013352 =084 ##$$a 577 LOH e =082 ##$$a 577